Mahatma Gandhi and his apirtual successor: (Record no. 141386)

MARC details
000 -LEADER
fixed length control field 00677nam a22002057a 4500
005 - DATE AND TIME OF LATEST TRANSACTION
control field 20250528171658.0
010 ## - LCCN (DPL NO)
LC control number ENG-118864 ENG-145033
020 ## - INTERNATIONAL STANDARD BOOK NUMBER
International Standard Book Number 9788180423369
Terms of availability 400.00
035 ## - SYSTEM CONTROL NUMBER
System control number EN-102396
035 ## - SYSTEM CONTROL NUMBER
System control number EN-128565
037 ## - SOURCE OF ACQUISITION
Source of stock number/acquisition DBAD/PUB
082 ## - DEWEY DECIMAL CLASSIFICATION NUMBER
Classification number 954.035092
100 ## - MAIN ENTRY--PERSONAL NAME
Personal name Anand, Vidya Sagar
245 ## - TITLE STATEMENT
Title Mahatma Gandhi and his apirtual successor:
Remainder of title acharya Vinoba Bhave /
Statement of responsibility, etc by Vidya Sagar Anand
260 ## - PUBLICATION, DISTRIBUTION, ETC. (IMPRINT)
Place of publication, distribution, etc New Delhi
Name of publisher, distributor, etc Modern publishing house
Date of publication, distribution, etc 2016
270 ## - ADDRESS
Address 9, Goal Market, Dareya Ganj, New Delhi-110002
300 ## - PHYSICAL DESCRIPTION
Extent 176p
Dimensions 21cm.(Hb)
Other physical details ill.
700 ## - ADDED ENTRY--PERSONAL NAME
Personal name Lotay, Rajinder Kaur
9 (RLIN) 81430
942 ## - ADDED ENTRY ELEMENTS (KOHA)
Source of classification or shelving scheme Dewey Decimal Classification
Item type English Books
Classification part 954.035092
Call number suffix ANA
Holdings
Withdrawn status Lost status Not for loan Collection code Home library Current library Date acquired Source of acquisition Cost, normal purchase price Full call number Barcode Copy number Cost, replacement price Koha item type
      Non-fiction New Police Line New Police Line 28/05/2025 Delivery of Books Act Division 400.00 954.035092 ANA EN-128565 1 400.00 English Books
      Non-fiction Shahdara Branch Shahdara Branch 19/06/2017 DBAD/PUB 400.00 954.035092 ANA EN-102396 1 400.00 English Books

© Delhi Public Library
Hit Counter
free hit counter